000
00321nam a22001337a 4500
020
_a
0-07-099477-3
082
_a
621.391 MAL'D
100
_a
MALVINO, ALBERT.PAUL
_9
56026
245
_a
AN INTRODUCTION TO MICROCOMPUTERS
250
_a
2ND
260
_a
NEW DELHI
_b
TATA MCGRAW HILL
_c
1983
300
_a
335P
942
_c
BK
999
_c
584184
_d
584184